<The> Scandinavian Journal of Economics Formerly The Swedish Journal of Economics

Salvato in:
Dettagli Bibliografici
Natura: Periodico
Lingua:inglese
Pubblicazione: Stockholm University 1991
Soggetti:
Tags: Aggiungi Tag
Nessun Tag, puoi essere il primo ad aggiungerne!!

MARC

LEADER 00000nas2a2200000 4500
001 s015321
005 20240109094219.7
022 |a 0347-0520 
041 0 |a eng 
044 |a SE 
245 1 0 |a <The> Scandinavian Journal of Economics  |b Formerly The Swedish Journal of Economics 
264 1 |a Stockholm  |b University  |c 1991 
300 |a 1 zv. 
773 0 |w eu_un_cat*s120473 
610 2 0 |a ekonómia 
610 2 0 |a výskum ekonomický